000 01348cam a2200325 a 4500
001 11995821
003 ARRUPE
005 20220517083500.0
008 000127s1999 bs b 100 0 eng
010 _a 99893644
020 _a9991271147
035 _a(DLC) 99893644
040 _aDLC
_cDLC
_dDLC
042 _alcode
043 _afb-----
050 0 0 _aJQ1875.A55
_bC67 1997
082 0 0 _a320.967
_221
111 2 _aSouthern African Universities Social Science Conference
_n(20th :
_d1997 :
_cLusaka, Zambia)
_951585
245 1 0 _aCorruption, democracy, and good governance in Africa :
_bessays on accountability and ethical behaviour /
_cSouthern African Universities Social Science Conference (SAUSSC) ; edited by Kwame Frimpong, Gloria Jacques.
260 _aGaborone, Botswana :
_bLightbooks,
_c1999.
300 _ax, 278 p. ;
_c26 cm.
504 _aIncludes bibliographical references.
650 0 _aPolitical corruption
_zAfrica, Sub-Saharan
_vCongresses.
_951586
650 0 _aPolitical corruption
_xEconomic aspects
_zAfrica, Sub-Saharan
_vCongresses.
_951587
700 1 _aFrimpong, Kwame.
_951588
700 1 _aJacques, Gloria.
_951589
906 _a7
_bcbc
_corigode
_d3
_encip
_f19
_gy-gencatlg
942 _2lcc
_cMONOGRAPH
999 _c131428
_d131428